[Event "FIDE World Youth U16 Chess Olympiad SLOVAKIA 2016"]
[Site "Poprad Tatry SLOVAKIA"]
[Date "2016.07.23"]
[Round "2"]
[Board "2"]
[White "Van Der Lingen, Cornelis Petru"]
[Black "Nazarova, Anastasia"]
[Result "1/2-1/2"]
[WhiteElo "1772"]
[BlackElo "2032"]
[PlyCount "113"]
[EventDate "2016.07.22"]
[EventType "team"]
[EventRounds "9"]
[EventCountry "SVK"]
[WhiteTeam "South Africa 2"]
[BlackTeam "Finland"]

1. e4 c5 2. Nf3 Nc6 3. d4 cxd4 4. Nxd4 g6 5. Nc3 Bg7 6. Be3 Nf6 7. Nxc6 bxc6 8.
e5 Ng8 9. f4 f6 10. f5 Qc7 11. exf6 Nxf6 12. fxg6 Qe5 13. Qd4 Qxd4 14. Bxd4
hxg6 15. Bd3 Kf7 16. O-O d5 17. Rae1 Rh5 18. Rf3 Bf5 19. Bc5 Bf8 20. Bxf5 Rxf5
21. Rfe3 Ng8 22. Ne2 Rf6 23. Ng3 Re8 24. Ra3 Rb8 25. Bd4 Re6 26. Rxe6 Kxe6 27.
b3 Rb7 28. Rxa7 Rxa7 29. Bxa7 Bg7 30. Kf2 Nf6 31. Kf3 Nd7 32. Be3 Ne5+ 33. Ke2
Ng4 34. Bg1 Bc3 35. Kd3 Ba5 36. c3 Ne5+ 37. Kc2 Kd7 38. Ne2 Nf7 39. Nf4 g5 40.
Nd3 Kc8 41. h4 gxh4 42. Bf2 e5 43. Bxh4 e4 44. Nf4 Ne5 45. Bf6 Ng4 46. Bd4 Bc7
47. Ne2 Bd6 48. b4 Kb7 49. a4 Bf8 50. g3 Nh2 51. Be3 Ng4 52. Bg1 Bd6 53. Nf4
Ne5 54. Ne6 Ng4 55. Nf4 Ne5 56. Ne6 Ng4 57. Nf4 1/2-1/2

[Event "FIDE World Youth U16 Chess Olympiad SLOVAKIA 2016"]
[Site "Poprad Tatry SLOVAKIA"]
[Date "2016.07.23"]
[Round "2"]
[Board "3"]
[White "Lahdelma, Henri"]
[Black "Marais, Daniel"]
[Result "1-0"]
[WhiteElo "1864"]
[BlackElo "1771"]
[PlyCount "51"]
[EventDate "2016.07.22"]
[EventType "team"]
[EventRounds "9"]
[EventCountry "SVK"]
[WhiteTeam "Finland"]
[BlackTeam "South Africa 2"]

1. d4 d5 2. c4 e6 3. Nc3 Nf6 4. Nf3 c6 5. e3 Nbd7 6. Qc2 Bd6 7. Bd3 O-O 8. O-O
dxc4 9. Bxc4 e5 10. Rd1 Qc7 11. h3 h6 12. b3 Re8 13. Bb2 b5 14. Bd3 b4 15. Ne4
Nxe4 16. Bxe4 Bb7 17. Rac1 Rac8 18. Bf5 exd4 19. Rxd4 Ne5 20. Nxe5 Bxe5 21. Rd7
Qb6 22. Qc4 Rf8 23. Bxe5 Ba6 24. Qg4 g5 25. Bh7+ Kxh7 26. Qf5+ 1-0

[Event "FIDE World Youth U16 Chess Olympiad SLOVAKIA 2016"]
[Site "Poprad Tatry SLOVAKIA"]
[Date "2016.07.23"]
[Round "2"]
[Board "4"]
[White "Surujhlal, Kayla"]
[Black "Wartiovaara, Oliver"]
[Result "0-1"]
[WhiteElo "1352"]
[BlackElo "1513"]
[PlyCount "110"]
[EventDate "2016.07.22"]
[EventType "team"]
[EventRounds "9"]
[EventCountry "SVK"]
[WhiteTeam "South Africa 2"]
[BlackTeam "Finland"]

1. e4 c5 2. Nf3 d6 3. d4 cxd4 4. Nxd4 Nf6 5. Nc3 g6 6. Bd3 Bg7 7. O-O Nc6 8.
Nxc6 bxc6 9. Kh1 O-O 10. f4 d5 11. Qe1 dxe4 12. Nxe4 Rb8 13. Rb1 Nd5 14. a3 Bf5
15. b4 a5 16. Bb2 Bxb2 17. Rxb2 Bxe4 18. Bxe4 Qd6 19. Bxd5 cxd5 20. c3 Rfc8 21.
Rf3 Rc4 22. Qc1 axb4 23. axb4 Rbxb4 24. Rxb4 Qxb4 25. Qa1 Qa4 26. Qxa4 Rxa4 27.
h3 e6 28. Kg1 Ra2 29. Kh2 Kf8 30. Kg3 Ke7 31. h4 h5 32. Kh3 Kd6 33. g4 hxg4+
34. Kxg4 Rg2+ 35. Kh3 Rg1 36. Rf2 Kc5 37. Ra2 Kc4 38. Ra7 Kxc3 39. Rxf7 d4 40.
Rf6 d3 41. Rxe6 d2 42. Rd6 d1=Q 43. Rxd1 Rxd1 44. Kg4 Rd5 45. Kg3 Kd4 46. Kf3
Rh5 47. Kg4 Ke3 48. Kg3 Rf5 49. Kg4 Ke4 50. Kg3 Rxf4 51. Kh3 Kf3 52. Kh2 Kf2
53. Kh3 Rd4 54. h5 gxh5 55. Kh2 Rh4# 0-1

[Event "FIDE World Youth U16 Chess Olympiad SLOVAKIA 2016"]
[Site "Poprad Tatry SLOVAKIA"]
[Date "2016.07.23"]
[Round "2"]
[Board "1"]
[White "Su, Zijin"]
[Black "Hiebert, Kenji"]
[Result "0-1"]
[WhiteElo "1628"]
[BlackElo "1860"]
[PlyCount "170"]
[EventDate "2016.07.22"]
[EventType "team"]
[EventRounds "9"]
[EventCountry "SVK"]
[WhiteTeam "China 2"]
[BlackTeam "Japan"]

1. e4 c5 2. Nf3 e6 3. d3 Nc6 4. g3 Nf6 5. Bg2 Be7 6. O-O O-O 7. Re1 d5 8. e5
Nd7 9. c3 b5 10. h4 c4 11. d4 b4 12. Bg5 a5 13. Qc2 a4 14. a3 bxa3 15. Nxa3 Nb6
16. Bxe7 Qxe7 17. Ng5 g6 18. Nb5 Bd7 19. Nd6 Na5 20. f4 Nc8 21. Nxc8 Raxc8 22.
g4 Kh8 23. f5 exf5 24. gxf5 Bxf5 25. Qd1 Nb3 26. Rxa4 h6 27. Nf3 Ra8 28. Rxa8
Rxa8 29. Qe2 Ra2 30. Qf2 Qa7 31. Nh2 Be6 32. Nf1 h5 33. Ne3 Qd7 34. Bf3 Ra5 35.
Kh2 Kg7 36. Rg1 Kf8 37. Qg2 Qb5 38. Nc2 Ke7 39. Nb4 Kd7 40. Bd1 Ra1 41. Bc2 Ra5
42. Rf1 Qb6 43. Qg1 Rb5 44. Bxb3 cxb3 45. Ra1 Ra5 46. Qf1 Rxa1 47. Qxa1 Qb5 48.
Qa6 Qxa6 49. Nxa6 Kc6 50. Nc5 Kb5 51. Nxb3 Kc4 52. Nc5 Bf5 53. b3+ Kxc3 54. Kg3
Kxd4 55. b4 Kc4 56. Na6 d4 57. Kf2 Kb5 58. Nc7+ Kxb4 59. Ke2 Kc3 60. Nd5+ Kc2
61. Nb4+ Kc1 62. Nd3+ Kc2 63. Nb4+ Kc3 64. Nd5+ Kc4 65. Nf4 d3+ 66. Ke3 Kc3 67.
Nd5+ Kb3 68. Nb6 Kc2 69. Nc4 Kc3 70. Nd2 Kc2 71. Nc4 Be6 72. Nd2 Bf5 73. Nc4
Kd1 74. Nb2+ Kc2 75. Nc4 Kd1 76. Nb2+ Ke1 77. Nc4 Kf1 78. Nd6 Be6 79. Kxd3 Kg2
80. Ke3 Kg3 81. Ne4+ Kxh4 82. Nf6 Kg3 83. Ne4+ Kg4 84. Nf2+ Kf5 85. Nd3 Bc4 0-1

[Event "FIDE World Youth U16 Chess Olympiad SLOVAKIA 2016"]
[Site "Poprad Tatry SLOVAKIA"]
[Date "2016.07.23"]
[Round "2"]
[Board "2"]
[White "Otawa, Yuto"]
[Black "Peng, Shunkai"]
[Result "1/2-1/2"]
[WhiteElo "1889"]
[BlackElo "1944"]
[PlyCount "135"]
[EventDate "2016.07.22"]
[EventType "team"]
[EventRounds "9"]
[EventCountry "SVK"]
[WhiteTeam "Japan"]
[BlackTeam "China 2"]

1. d4 c5 2. d5 Nf6 3. Nc3 g6 4. e4 d6 5. Nf3 Bg7 6. Bb5+ Bd7 7. a4 O-O 8. h3
Na6 9. O-O Nc7 10. Bc4 e5 11. dxe6 Bxe6 12. Qe2 Qe7 13. Bf4 Nd7 14. Bxe6 Qxe6
15. Rad1 Ne5 16. Nd5 Nxd5 17. Rxd5 Nxf3+ 18. Qxf3 Rfe8 19. Bxd6 Qxe4 20. Qxe4
Rxe4 21. Bxc5 Rxa4 22. c3 b6 23. Be3 Ra2 24. Rfd1 Bf6 25. R1d2 Re8 26. g3 Kg7
27. Kg2 Re6 28. g4 h6 29. Bd4 a5 30. Be3 a4 31. Rb5 Rc6 32. Bxb6 a3 33. Bd4
Bxd4 34. cxd4 Rd6 35. Rd3 axb2 36. Rdb3 Rxd4 37. Rxb2 Raa4 38. Rb7 Rf4 39. R7b3
Rfd4 40. Rf3 Rd7 41. Rfb3 Raa7 42. Kg3 Rd5 43. Kg2 Raa5 44. Rf3 Ra7 45. Rfb3
Re7 46. Rb5 Rdd7 47. R5b3 Ra7 48. Rb5 f6 49. R5b3 Rf7 50. Rb5 g5 51. R2b3 Kg6
52. Rb6 h5 53. Kg3 Rac7 54. Rf3 h4+ 55. Kg2 Rc5 56. Rfb3 Kg7 57. Rb7 Kg6 58.
Rxf7 Kxf7 59. Kf3 Ke6 60. Re3+ Kd5 61. Rd3+ Ke6 62. Re3+ Kf7 63. Rb3 Rc4 64.
Ke3 Rf4 65. Rd3 f5 66. f3 fxg4 67. fxg4 Ke6 68. Ra3 1/2-1/2

[Event "FIDE World Youth U16 Chess Olympiad SLOVAKIA 2016"]
[Site "Poprad Tatry SLOVAKIA"]
[Date "2016.07.23"]
[Round "2"]
[Board "3"]
[White "Yang, Zicheng"]
[Black "Osaka, Takuma"]
[Result "0-1"]
[WhiteElo "1442"]
[BlackElo "1888"]
[PlyCount "56"]
[EventDate "2016.07.22"]
[EventType "team"]
[EventRounds "9"]
[EventCountry "SVK"]
[WhiteTeam "China 2"]
[BlackTeam "Japan"]

1. e4 c5 2. Nf3 d6 3. d4 cxd4 4. Nxd4 Nf6 5. Nc3 a6 6. Be3 e5 7. Nb3 Be6 8. f3
Be7 9. Qd2 h5 10. O-O-O Nbd7 11. h4 Rc8 12. Nd5 Bxd5 13. exd5 Nb6 14. Qa5 Qc7
15. c3 Bd8 16. Bxb6 Qxb6 17. Qa4+ Kf8 18. g4 Qe3+ 19. Kb1 hxg4 20. Qb4 Qb6 21.
Qxb6 Bxb6 22. fxg4 Nxg4 23. Bh3 Rc4 24. Nd2 Rf4 25. Rdf1 Nf2 26. Rh2 Rhxh4 27.
Rg1 Rxh3 28. Rxh3 Nxh3 0-1

[Event "FIDE World Youth U16 Chess Olympiad SLOVAKIA 2016"]
[Site "Poprad Tatry SLOVAKIA"]
[Date "2016.07.23"]
[Round "2"]
[Board "4"]
[White "Hoshino, Karen"]
[Black "Liu, Suhui"]
[Result "1-0"]
[WhiteElo "1818"]
[BlackElo "1594"]
[PlyCount "61"]
[EventDate "2016.07.22"]
[EventType "team"]
[EventRounds "9"]
[EventCountry "SVK"]
[WhiteTeam "Japan"]
[BlackTeam "China 2"]

1. d4 Nf6 2. c4 c5 3. d5 e6 4. Nc3 exd5 5. cxd5 d6 6. e4 g6 7. Bd3 Bg7 8. h3
O-O 9. Nf3 Na6 10. O-O Nc7 11. Re1 Re8 12. a4 a6 13. Bf4 Rb8 14. a5 b5 15. axb6
Rxb6 16. Qc2 Nh5 17. Bh2 Rb4 18. Rab1 Rb8 19. Na2 a5 20. Nc3 Na6 21. Bb5 Nb4
22. Qa4 Re7 23. Nd2 Be5 24. Bxe5 Rxe5 25. Nc4 Rg5 26. Re3 Nf4 27. Rg3 Nxh3+ 28.
gxh3 Bxh3 29. Kh2 Bg4 30. Ne3 Rh5+ 31. Kg2 1-0

[Event "FIDE World Youth U16 Chess Olympiad SLOVAKIA 2016"]
[Site "Poprad Tatry SLOVAKIA"]
[Date "2016.07.23"]
[Round "2"]
[Board "1"]
[White "Abdulla, Murad"]
[Black "Holly, Andrej"]
[Result "1-0"]
[WhiteElo "2101"]
[BlackElo "1783"]
[PlyCount "41"]
[EventDate "2016.07.22"]
[EventType "team"]
[EventRounds "9"]
[EventCountry "SVK"]
[WhiteTeam "Scotland"]
[BlackTeam "Slovakia LSS B"]

1. e4 b6 2. d4 Bb7 3. Bd3 e6 4. c3 c5 5. Nf3 Nf6 6. Qe2 Be7 7. O-O Nc6 8. Re1
O-O 9. d5 exd5 10. exd5 Nxd5 11. Be4 Nxc3 12. Nxc3 Bf6 13. Bf4 Re8 14. Qd2 Na5
15. Bxb7 Nxb7 16. Rxe8+ Qxe8 17. Re1 Qd8 18. Qd5 Na5 19. Ng5 Bxg5 20. Bxg5 Qc7
21. Qxa8+ 1-0

[Event "FIDE World Youth U16 Chess Olympiad SLOVAKIA 2016"]
[Site "Poprad Tatry SLOVAKIA"]
[Date "2016.07.23"]
[Round "2"]
[Board "2"]
[White "Sromovska, Livia"]
[Black "Gray, Euan"]
[Result "0-1"]
[WhiteElo "1631"]
[BlackElo "1943"]
[PlyCount "122"]
[EventDate "2016.07.22"]
[EventType "team"]
[EventRounds "9"]
[EventCountry "SVK"]
[WhiteTeam "Slovakia LSS B"]
[BlackTeam "Scotland"]

1. c4 e5 2. g3 Nc6 3. Bg2 f5 4. e3 Nf6 5. Ne2 d5 6. cxd5 Nb4 7. d4 e4 8. O-O
Nbxd5 9. Bd2 Bd6 10. a3 a5 11. Nbc3 Be6 12. Qe1 Nxc3 13. Bxc3 Bc4 14. Qd2 a4
15. Rfe1 O-O 16. Bb4 Qe7 17. Bxd6 cxd6 18. Rac1 d5 19. Bf1 b5 20. Nf4 g5 21.
Ng2 Nd7 22. Red1 Nb8 23. Bxc4 bxc4 24. Qe2 Rf6 25. Qh5 Rb6 26. Qe2 Na6 27. Rd2
Rb3 28. Rdc2 Nc7 29. Rc3 Rab8 30. R1c2 R8b5 31. h3 Ne6 32. Rxb3 Rxb3 33. Qd2
Qc7 34. Rc3 Rxc3 35. Qxc3 Qb6 36. Qd2 Kf7 37. h4 h6 38. h5 Ng7 39. Qe2 Qb3 40.
Ne1 g4 41. Qc2 Nxh5 42. Kg2 Nf6 43. Kf1 Nd7 44. Qxb3 cxb3 45. Ng2 Nb6 46. Nf4
Nc4 47. Nxd5 Nxb2 48. Nc3 Nc4 49. Nxa4 Nxa3 50. Nb2 Ke6 51. Ke1 Kd5 52. Kd1 h5
53. Kc1 f4 54. Na4 fxg3 55. fxg3 Kc4 56. Nb6+ Kc3 57. Nd5+ Kd3 58. Nf4+ Kxe3
59. Nxh5 Nc4 60. d5 Kd4 61. Nf6 e3 0-1

[Event "FIDE World Youth U16 Chess Olympiad SLOVAKIA 2016"]
[Site "Poprad Tatry SLOVAKIA"]
[Date "2016.07.23"]
[Round "2"]
[Board "3"]
[White "Shafi, Declan"]
[Black "Pogadl, Jakub"]
[Result "1-0"]
[WhiteElo "1841"]
[BlackElo "1422"]
[PlyCount "101"]
[EventDate "2016.07.22"]
[EventType "team"]
[EventRounds "9"]
[EventCountry "SVK"]
[WhiteTeam "Scotland"]
[BlackTeam "Slovakia LSS B"]

1. d4 Nf6 2. Nf3 g6 3. Nc3 Bg7 4. e4 d6 5. Be3 O-O 6. Qd2 Nbd7 7. Bh6 e5 8.
O-O-O Re8 9. Bxg7 Kxg7 10. Bc4 c6 11. Ng5 Rf8 12. Bxf7 Nb6 13. dxe5 Ng4 14. f4
Rxf7 15. Nxf7 Kxf7 16. h3 Nc4 17. Qe2 Nge3 18. Rd3 Qa5 19. Rxe3 Nxe3 20. Qxe3
dxe5 21. fxe5 Qxe5 22. Rf1+ Kg7 23. Qf4 Qe7 24. e5 Be6 25. Qf6+ Qxf6 26. exf6+
Kg8 27. g4 Rd8 28. Re1 Kf7 29. g5 Rd4 30. Re4 Rd8 31. h4 Rd7 32. Ne2 Bf5 33.
Rd4 b6 34. Kd2 Rc7 35. Nf4 Rb7 36. c3 Rc7 37. a3 Rb7 38. Ke3 Rb8 39. Kf3 Rc8
40. Ne2 Rb8 41. Ng3 Be6 42. Kf4 Rc8 43. Ne4 Kf8 44. Ke5 Bf7 45. Nd6 Rc7 46.
Nxf7 Kxf7 47. Kd6 Rc8 48. Kd7 c5 49. Kxc8 cxd4 50. cxd4 Ke6 51. Kc7 1-0

[Event "FIDE World Youth U16 Chess Olympiad SLOVAKIA 2016"]
[Site "Poprad Tatry SLOVAKIA"]
[Date "2016.07.23"]
[Round "2"]
[Board "4"]
[White "Datelova, Daniela"]
[Black "Volland, Ben"]
[Result "1-0"]
[WhiteElo "1272"]
[BlackElo "1605"]
[PlyCount "119"]
[EventDate "2016.07.22"]
[EventType "team"]
[EventRounds "9"]
[EventCountry "SVK"]
[WhiteTeam "Slovakia LSS B"]
[BlackTeam "Scotland"]

1. c4 f5 2. g3 Nf6 3. Bg2 e6 4. Nf3 Be7 5. Nc3 d6 6. d3 O-O 7. O-O Nc6 8. Bg5
Qe8 9. Qd2 Qh5 10. Nh4 Ng4 11. Bxe7 Nxe7 12. Bf3 g5 13. Bxg4 fxg4 14. Ng2 Rf6
15. f3 Rh6 16. Kf2 Bd7 17. Rh1 Rf8 18. f4 Bc6 19. e4 e5 20. f5 Rhf6 21. Ne3 h6
22. Qe2 Nxf5 23. Nxf5 Rxf5+ 24. exf5 Rxf5+ 25. Kg1 Bf3 26. Qd2 Qh3 27. Nd5 Rf7
28. Ne3 c6 29. Ng2 d5 30. cxd5 cxd5 31. Rf1 e4 32. dxe4 dxe4 33. Rf2 Kf8 34.
Ne1 Bxh1 35. Qd6+ Kg7 36. Qe5+ Kf8 37. Rxf7+ Kxf7 38. Qf5+ Ke7 39. Kxh1 Kd6 40.
Kg1 h5 41. Qxg5 h4 42. Qxh4 Qxh4 43. gxh4 Ke5 44. Kf2 Kf4 45. Ng2+ Kf5 46. Ke3
a6 47. h5 Kg5 48. Kxe4 Kxh5 49. Kf4 b6 50. b4 a5 51. bxa5 bxa5 52. a4 Kh6 53.
Kxg4 Kg6 54. h4 Kh6 55. h5 Kh7 56. Kg5 Kg7 57. Ne3 Kh8 58. Nc4 Kh7 59. Nxa5 Kh8
60. Nc6 1-0

[Event "FIDE World Youth U16 Chess Olympiad SLOVAKIA 2016"]
[Site "Poprad Tatry SLOVAKIA"]
[Date "2016.07.23"]
[Round "2"]
[Board "1"]
[White "Ieong, Seak Hin"]
[Black "Beukema, Jasper"]
[Result "0-1"]
[WhiteElo "1726"]
[BlackElo "2163"]
[PlyCount "70"]
[EventDate "2016.07.22"]
[EventType "team"]
[EventRounds "9"]
[EventCountry "SVK"]
[WhiteTeam "Macau"]
[BlackTeam "Belgium"]

1. e4 e5 2. Nf3 Nc6 3. Bc4 Bc5 4. c3 Nf6 5. d4 exd4 6. e5 d5 7. Bb5 Ne4 8. cxd4
Bb6 9. Nc3 O-O 10. Be3 Kh8 11. Bxc6 bxc6 12. Nd2 f5 13. f4 Qh4+ 14. g3 Qh3 15.
Ndxe4 fxe4 16. Qe2 Bg4 17. Qf1 Qh6 18. h3 Bf3 19. Rh2 Ba5 20. Rc1 Rab8 21. b3
c5 22. dxc5 Qc6 23. Bd4 Rb4 24. Qg1 Rfb8 25. Rd2 Qe6 26. Qh2 h6 27. Kf1 Rxd4
28. Rxd4 e3 29. Kg1 Qg6 30. Nxd5 Bd2 31. Ra1 Qc6 32. Ne7 Qxc5 33. Rc4 Qxe7 34.
Rc2 Qb4 35. Rf1 e2 0-1

[Event "FIDE World Youth U16 Chess Olympiad SLOVAKIA 2016"]
[Site "Poprad Tatry SLOVAKIA"]
[Date "2016.07.23"]
[Round "2"]
[Board "2"]
[White "Huygebaert, Batist"]
[Black "Kou, Seong Kei"]
[Result "1-0"]
[WhiteElo "1850"]
[BlackElo "1398"]
[PlyCount "55"]
[EventDate "2016.07.22"]
[EventType "team"]
[EventRounds "9"]
[EventCountry "SVK"]
[WhiteTeam "Belgium"]
[BlackTeam "Macau"]

1. d4 Nf6 2. c4 e6 3. Nf3 b6 4. g3 Bb7 5. Bg2 Ne4 6. O-O Be7 7. Nbd2 f5 8. Qc2
d6 9. Ne1 Nxd2 10. Bxb7 Nxf1 11. Bxa8 Nxg3 12. hxg3 c6 13. d5 Qc8 14. Bxc6+
Nxc6 15. Qa4 O-O 16. Qxc6 Qa6 17. Qd7 Bf6 18. Qxe6+ Kh8 19. Nd3 Qxc4 20. Bf4 h6
21. Bxd6 Rd8 22. Be5 Rf8 23. Rc1 Qa6 24. Bxf6 gxf6 25. Nf4 Rg8 26. Qxf6+ Kh7
27. Rc7+ Rg7 28. Qxg7# 1-0

[Event "FIDE World Youth U16 Chess Olympiad SLOVAKIA 2016"]
[Site "Poprad Tatry SLOVAKIA"]
[Date "2016.07.23"]
[Round "2"]
[Board "3"]
[White "Ip, Seng Tou"]
[Black "Huttl, Sofie"]
[Result "0-1"]
[WhiteElo "1564"]
[BlackElo "1727"]
[PlyCount "52"]
[EventDate "2016.07.22"]
[EventType "team"]
[EventRounds "9"]
[EventCountry "SVK"]
[WhiteTeam "Macau"]
[BlackTeam "Belgium"]

1. e4 e5 2. Nf3 Nc6 3. Bb5 Nge7 4. O-O g6 5. d3 Bg7 6. Be3 O-O 7. Nc3 Nd4 8.
Bc4 c6 9. Bg5 h6 10. Bh4 g5 11. Bg3 Ng6 12. Nxd4 exd4 13. Ne2 d5 14. exd5 cxd5
15. Bb3 b6 16. f4 Ne7 17. Qd2 Nf5 18. fxg5 hxg5 19. Bf2 Re8 20. Rfe1 Ne3 21.
Qb4 a5 22. Qa3 Bf8 23. Qa4 Bb4 24. Qc6 Bd7 25. Qh6 Bf8 26. Qh5 Bg4 0-1

[Event "FIDE World Youth U16 Chess Olympiad SLOVAKIA 2016"]
[Site "Poprad Tatry SLOVAKIA"]
[Date "2016.07.23"]
[Round "2"]
[Board "4"]
[White "Swennen, Fleur"]
[Black "Ip, Weng Tou"]
[Result "1-0"]
[WhiteElo "1648"]
[BlackElo "1490"]
[PlyCount "80"]
[EventDate "2016.07.22"]
[EventType "team"]
[EventRounds "9"]
[EventCountry "SVK"]
[WhiteTeam "Belgium"]
[BlackTeam "Macau"]

1. e4 e5 2. Nf3 Nc6 3. Bc4 Bc5 4. c3 Nf6 5. d3 h6 6. Bb3 d6 7. Nbd2 O-O 8. h3
Re8 9. Nf1 d5 10. Qe2 a5 11. a4 Qd7 12. Ng3 b6 13. Nh4 Ba6 14. Bc2 Rad8 15. O-O
Na7 16. Rd1 c6 17. Qf3 Be7 18. Nhf5 Kh7 19. Nh5 Qe6 20. Nhxg7 Qd7 21. Nxe8 Rxe8
22. Nxh6 Qe6 23. Qf5+ Qxf5 24. Nxf5 Bf8 25. Re1 dxe4 26. dxe4 Bb7 27. Be3 Nc8
28. Rad1 c5 29. Bg5 Kg6 30. Bxf6 Kxf6 31. Re3 Bc6 32. Rf3 Kg6 33. Nh4+ Kg7 34.
Nf5+ Kg6 35. Re1 Rd8 36. Bb3 Be8 37. Rd1 Bd7 38. Nh4+ Kg5 39. Nf5 Kg6 40. Rfd3
Bg7 1-0

[Event "FIDE World Youth U16 Chess Olympiad SLOVAKIA 2016"]
[Site "Poprad Tatry SLOVAKIA"]
[Date "2016.07.23"]
[Round "2"]
[Board "1"]
[White "Gluckman, Paul"]
[Black "Chan, Kris"]
[Result "1-0"]
[WhiteElo "1923"]
[BlackElo "2187"]
[PlyCount "99"]
[EventDate "2016.07.22"]
[EventType "team"]
[EventRounds "9"]
[EventCountry "SVK"]
[WhiteTeam "South Africa 1"]
[BlackTeam "Australia"]

1. e4 e6 2. d4 d5 3. Nc3 Bb4 4. a3 Bxc3+ 5. bxc3 dxe4 6. Qg4 Nf6 7. Qxg7 Rg8 8.
Qh6 Rg6 9. Qd2 b6 10. Ne2 Ba6 11. Nf4 Bxf1 12. Kxf1 Rg8 13. a4 Nc6 14. Qe2 Qd7
15. Be3 Rd8 16. Qb5 Nd5 17. Ne2 e5 18. Rg1 Rg6 19. Ke1 exd4 20. cxd4 Na5 21.
Qxd7+ Rxd7 22. Ng3 Nc4 23. Bd2 Re6 24. Nf5 Rf6 25. g4 Nxd2 26. Kxd2 Ne7 27. Ke3
Nxf5+ 28. gxf5 Rxf5 29. Rg2 Re7 30. Rg3 Kd7 31. Rb1 Rh5 32. h3 f5 33. Rbg1 Rf7
34. Kf4 Ke6 35. Rb1 Kd5 36. c3 h6 37. Rb5+ c5 38. Re3 Rg5 39. a5 Kc6 40. Rb2
bxa5 41. Ra2 cxd4 42. cxd4 Rg2 43. Ke5 Rg6 44. Rxa5 Kb6 45. Rc5 Rc6 46. Rb3+
Kc7 47. Ra5 a6 48. d5 Rg6 49. Rc5+ Kd8 50. Rb8+ 1-0

[Event "FIDE World Youth U16 Chess Olympiad SLOVAKIA 2016"]
[Site "Poprad Tatry SLOVAKIA"]
[Date "2016.07.23"]
[Round "2"]
[Board "2"]
[White "Bhat, Vishal"]
[Black "De Jager, Luan"]
[Result "0-1"]
[WhiteElo "2107"]
[BlackElo "1766"]
[PlyCount "90"]
[EventDate "2016.07.22"]
[EventType "team"]
[EventRounds "9"]
[EventCountry "SVK"]
[WhiteTeam "Australia"]
[BlackTeam "South Africa 1"]

1. e4 c5 2. Nf3 Nc6 3. d4 cxd4 4. Nxd4 Nf6 5. Nc3 e5 6. Ndb5 d6 7. Bg5 a6 8.
Na3 b5 9. Bxf6 gxf6 10. Nd5 Bg7 11. Bd3 Be6 12. O-O f5 13. Nxb5 axb5 14. Bxb5
Rc8 15. Nb4 Bd7 16. Qxd6 Nxb4 17. Qxb4 Bxb5 18. Qxb5+ Qd7 19. Qxd7+ Kxd7 20. c3
fxe4 21. a4 Rc4 22. a5 Kc6 23. a6 Ra8 24. Rfd1 Kb6 25. Rd7 Rc7 26. Rd6+ Kc5 27.
Rad1 Rc6 28. b4+ Kb6 29. c4 Bf8 30. Rxc6+ Kxc6 31. b5+ Kc5 32. Ra1 Be7 33. Kf1
Bd8 34. Ra4 Bb6 35. Ke2 Rd8 36. Ke3 f5 37. g3 Ba7 38. h3 Rd4 39. Ra1 Rxc4 40.
Rb1 Rb4 41. b6 Bxb6 42. Ra1 Kb5+ 43. Kd2 Ra4 44. Rb1+ Kxa6 45. Rb2 Bxf2 0-1

[Event "FIDE World Youth U16 Chess Olympiad SLOVAKIA 2016"]
[Site "Poprad Tatry SLOVAKIA"]
[Date "2016.07.23"]
[Round "2"]
[Board "3"]
[White "Agulhas, Keegan"]
[Black "Cannon, David"]
[Result "1/2-1/2"]
[WhiteElo "1716"]
[BlackElo "2093"]
[PlyCount "136"]
[EventDate "2016.07.22"]
[EventType "team"]
[EventRounds "9"]
[EventCountry "SVK"]
[WhiteTeam "South Africa 1"]
[BlackTeam "Australia"]

1. e4 c5 2. Nf3 e6 3. d4 cxd4 4. Nxd4 Nf6 5. Bd3 d6 6. O-O Be7 7. Be3 O-O 8.
Nc3 a6 9. a4 Nc6 10. f4 Qc7 11. Qf3 Nb4 12. a5 Bd7 13. Nb3 Rac8 14. g4 h6 15.
g5 hxg5 16. fxg5 Nh7 17. Qh5 g6 18. Qh6 Qd8 19. h4 Bc6 20. Rf2 e5 21. Raf1 Qd7
22. Kh2 Qe6 23. Nd2 Nxd3 24. cxd3 d5 25. exd5 Bxd5 26. Nde4 Rxc3 27. bxc3 Qg4
28. Rg1 Qe6 29. h5 Bxe4 30. dxe4 Rc8 31. Rxf7 Qxf7 32. hxg6 Qg7 33. gxh7+ Qxh7
34. Qxh7+ Kxh7 35. Rb1 Kg6 36. Rxb7 Bxg5 37. Bf2 Bd8 38. Bb6 Bxb6 39. Rxb6+ Kg5
40. Rxa6 Rxc3 41. Rb6 Ra3 42. a6 Kf4 43. Kg2 Ra2+ 44. Kf1 Kxe4 45. Rd6 Ke3 46.
Re6 e4 47. Rd6 Ra1+ 48. Kg2 Ke2 49. Re6 e3 50. Rd6 Ra5 51. Rg6 Ra3 52. Rd6 Ra2
53. Kg1 Ke1 54. Rd3 e2 55. Rd6 Ra5 56. Rg6 Ra3 57. Rd6 Ra4 58. Rg6 Kd2 59. Rd6+
Ke1 60. Rg6 Ra5 61. Kg2 Ra4 62. Rd6 Rg4+ 63. Kh2 Ra4 64. Kg2 Rg4+ 65. Kh2 Ra4
66. Kg2 Ra5 67. Kg1 Rg5+ 68. Kh2 Ra5 1/2-1/2

[Event "FIDE World Youth U16 Chess Olympiad SLOVAKIA 2016"]
[Site "Poprad Tatry SLOVAKIA"]
[Date "2016.07.23"]
[Round "2"]
[Board "4"]
[White "Yao, Licia"]
[Black "Joubert, Dantelle"]
[Result "1-0"]
[WhiteElo "1677"]
[BlackElo "1453"]
[PlyCount "77"]
[EventDate "2016.07.22"]
[EventType "team"]
[EventRounds "9"]
[EventCountry "SVK"]
[WhiteTeam "Australia"]
[BlackTeam "South Africa 1"]

1. d4 d5 2. c4 c6 3. Nf3 Nf6 4. e3 e6 5. Nbd2 Nbd7 6. b3 Bd6 7. Bb2 O-O 8. Bd3
Re8 9. Ne5 Rf8 10. Qc2 g6 11. O-O Ne8 12. e4 Nxe5 13. dxe5 Bb4 14. Rad1 d4 15.
c5 b6 16. a3 Bxd2 17. Rxd2 Bb7 18. Be2 b5 19. Bxd4 Qg5 20. f4 Qe7 21. Rf3 Ng7
22. Rg3 Kh8 23. Rgd3 Rad8 24. Be3 Rxd3 25. Rxd3 Rd8 26. Qd2 Rxd3 27. Qxd3 Ne8
28. Bd1 a5 29. Bc2 Kg8 30. Qc3 Qc7 31. Bd2 Bc8 32. Qxa5 Qe7 33. Qc3 Ng7 34. Qd4
Ne8 35. Ba5 Bd7 36. a4 bxa4 37. bxa4 Bc8 38. Bb6 Bb7 39. a5 1-0

[Event "FIDE World Youth U16 Chess Olympiad SLOVAKIA 2016"]
[Site "Poprad Tatry SLOVAKIA"]
[Date "2016.07.23"]
[Round "2"]
[Board "1"]
[White "Schneider, Jana"]
[Black "Durica, Adam"]
[Result "1/2-1/2"]
[WhiteElo "2135"]
[BlackElo "1944"]
[PlyCount "86"]
[EventDate "2016.07.22"]
[EventType "team"]
[EventRounds "9"]
[EventCountry "SVK"]
[WhiteTeam "Germany 3"]
[BlackTeam "Slovakia LSS A"]

1. e4 d6 2. d4 c6 3. Nc3 g6 4. f4 Bg7 5. Nf3 Bg4 6. Be3 Nd7 7. Bc4 b5 8. Bxf7+
Kf8 9. Bb3 Qb6 10. O-O Bh6 11. h3 Bxf3 12. Qxf3 Ke8 13. e5 d5 14. Bxd5 cxd5 15.
Nxd5 Qd8 16. Nc7+ Qxc7 17. Qxa8+ Kf7 18. d5 Kg7 19. Qe8 Nxe5 20. fxe5 Bxe3+ 21.
Kh1 Nh6 22. d6 Rxe8 23. dxc7 Rc8 24. g4 Rxc7 25. Rae1 Bb6 26. c3 e6 27. Rf6 Re7
28. Rf4 Nf7 29. Rb4 a6 30. a4 Ba5 31. Rb3 bxa4 32. Ra3 Bc7 33. Rxa4 a5 34. Rae4
Ng5 35. R4e3 Rd7 36. c4 Bb6 37. Rb3 Bc5 38. Rb5 Bb4 39. Re3 Rd1+ 40. Kg2 Rd2+
41. Kf1 Rd1+ 42. Kg2 Rd2+ 43. Kf1 Rd1+ 1/2-1/2

[Event "FIDE World Youth U16 Chess Olympiad SLOVAKIA 2016"]
[Site "Poprad Tatry SLOVAKIA"]
[Date "2016.07.23"]
[Round "2"]
[Board "2"]
[White "Brnusak, Andrej"]
[Black "Rogozenco, Teodora"]
[Result "0-1"]
[WhiteElo "1626"]
[BlackElo "2044"]
[PlyCount "76"]
[EventDate "2016.07.22"]
[EventType "team"]
[EventRounds "9"]
[EventCountry "SVK"]
[WhiteTeam "Slovakia LSS A"]
[BlackTeam "Germany 3"]

1. e4 e5 2. Nf3 Nc6 3. Bb5 a6 4. Ba4 Nf6 5. O-O Be7 6. Re1 b5 7. Bb3 d6 8. c3
O-O 9. h3 Na5 10. Bc2 c5 11. d4 Qc7 12. Nbd2 cxd4 13. cxd4 Nc6 14. d5 Nb4 15.
Bb1 a5 16. a3 Na6 17. a4 bxa4 18. Rxa4 Nb4 19. Nb3 Bd7 20. Ra3 a4 21. Na1 Rfc8
22. Bd2 Qb7 23. Bc3 Bd8 24. Nc2 Na6 25. Ne3 Nc5 26. Nf1 Ba5 27. Bxa5 Rxa5 28.
Re2 Nh5 29. Rc2 Nf4 30. Ng3 Rb5 31. Qd2 Rb8 32. Ra2 g6 33. Ne1 Nb3 34. Qd1 Nd4
35. Rd2 a3 36. Rxa3 Rxb2 37. Bd3 Nxd3 38. Raxd3 Rb1 0-1